Le roi est mort : etude sur les funerailles, les sepultures et les tombeaux des rois de France jusqu'a la fin du 13e siecle /

Bibliographic Details
Main Author: Erlande-Brandenburg, Alain
Format: Book
Language:French
Published: Geneve : Droz, [1975]
Series:Bibliothèque de la Société française d'archéologie ; 7.
Subjects:

MARC

Tag First Indicator Second Indicator Subfields
LEADER 00000cam a2200000 i 4500
001 in00000063731
005 20151008050646.0
008 760501s1975 sz af b 00110cfre
010 |a  76460715  
015 |a Sw75-A-7648 
020 |c 80.00F 
035 |a (OCoLC)02893057 
035 |9 AAG2449AM 
040 |a DLC  |c DLC  |d TXA  |d UtOrBLW 
043 |a e-fr--- 
049 |a TXAM  |c [1159917] 
050 0 0 |a DC36.6  |b .E74 
082 0 |a 393/.0944 
100 1 |a Erlande-Brandenburg, Alain. 
245 1 3 |a Le roi est mort :  |b etude sur les funerailles, les sepultures et les tombeaux des rois de France jusqu'a la fin du 13e siecle /  |c Alain Erlande-Brandenburg. 
264 1 |a Geneve :  |b Droz,  |c [1975] 
264 4 |c ©1975 
300 |a 214 pages, 23 unnumbered leaves of plates :  |b illustrations ;  |c 30 cm. 
336 |a text  |b txt  |2 rdacontent 
337 |a unmediated  |b n  |2 rdamedia 
338 |a volume  |b nc  |2 rdacarrier 
490 1 |a Bibliotheque de la Societe francaise d'archeologie ;  |v 7 
500 |a Includes indexes. 
504 |a Bibliography: pages 187-192. 
650 0 |a Funeral rites and ceremonies  |z France. 
650 0 |a Tombs  |z France. 
651 0 |a France  |x Kings and rulers. 
830 0 |a Bibliothèque de la Société française d'archéologie ;  |v 7. 
999 |a MARS 
999 f f |s 839cb1f2-c76b-37ec-abb3-8a8756647093  |i c8de3a6b-7d86-307d-9287-e6384e48a1f0  |t 0 
952 f f |p ric  |a Texas A&M University  |b Rellis Campus  |c Joint Library Facility  |d Remote Storage  |t 0  |e DC36.6 .E74  |h Library of Congress classification  |i unmediated -- volume  |m A14801954136 
998 f f |a DC36.6 .E74  |t 0  |l Remote Storage